Hitler /
Saved in:
| Main Author: | |
|---|---|
| Other Authors: | , |
| Format: | Electronic eBook |
| Language: | Spanish English |
| Published: |
Madrid :
Biblioteca Nueva,
[2002]
|
| Edition: | 2a. edición. |
| Series: | Colección "Perfiles del poder" ;
4. |
| Subjects: | |
| Online Access: | Digitalia Hispánica |
| Tags: |
Add Tag
No Tags, Be the first to tag this record!
|
MARC
| LEADER | 00000cam a2200000Ia 4500 | ||
|---|---|---|---|
| 001 | DIGBN03904 | ||
| 003 | NyNyDIG | ||
| 006 | m o d | ||
| 007 | cr ||||||||||| | ||
| 008 | 100625s2002 sp ob 000 0bspa d | ||
| 020 | |z 8470307541 | ||
| 020 | |z 9788470307546 | ||
| 035 | |a (OCoLC)991916411 | ||
| 040 | |a DGITA |b eng |e pn |c DGITA | ||
| 041 | 1 | |a spa |h eng | |
| 043 | |a e-gx--- |a e-au--- | ||
| 050 | 1 | 4 | |a DD247.H5 eBook |
| 082 | 0 | 4 | |a 943.086/092 |a B |
| 100 | 1 | |a Kershaw, Ian, |e author. | |
| 240 | 1 | 0 | |a Hitler. |l Spanish |s (Blasco Mayor) |
| 245 | 1 | 0 | |a Hitler / |c Ian Kershaw ; traducción de Lucía Blasco Mayor ; revisión histórica de Javier Moreno Luzón. |
| 250 | |a 2a. edición. | ||
| 264 | 1 | |a Madrid : |b Biblioteca Nueva, |c [2002] | |
| 300 | |a 1 online resource. | ||
| 336 | |a text |b txt |2 rdacontent | ||
| 337 | |a computer |b c |2 rdamedia | ||
| 338 | |a online resource |b cr |2 rdacarrier | ||
| 490 | 1 | |a Colección Perfiles del poder ; |v 4 | |
| 504 | |a Includes bibliographical references and index. | ||
| 505 | 0 | |a El poder de Hitler : un enigma -- El poder de la "idea" -- La conquista del poder -- Represión y poder -- Poder plebiscitario -- La Expansión del poder -- Poder absoluto -- La soberbia del poder -- El poder y la destrucción de Hitler. | |
| 600 | 1 | 0 | |a Hitler, Adolf, |d 1889-1945. |
| 650 | 0 | |a Heads of state |z Germany |v Biography. | |
| 651 | 0 | |a Germany |x Politics and government |y 1933-1945. | |
| 650 | 0 | |a National socialism |x History. | |
| 650 | 0 | |a Antisemitism |z Austria. | |
| 650 | 0 | |a Antisemitism |z Germany. | |
| 651 | 0 | |a Germany |x Politics and government |y 1918-1933. | |
| 655 | 0 | |a Electronic books. | |
| 700 | 1 | |a Moreno Luzón, Javier, |e contributor agent of text. | |
| 700 | 1 | |a Blasco Mayor, Lucía, |e translator. | |
| 700 | 1 | |i Translation of: |a Kershaw, Ian. |t Hitler. | |
| 791 | 2 | |a Digitalia (Firm), |e distributor. | |
| 776 | 0 | 8 | |i Print version: |a Kershaw, Ian. |s Hitler. Spanish (Blasco Mayor). |t Hitler. |d Madrid : Biblioteca Nueva, ©2000 |z 9788470307546 |w (OCoLC)53329057 |
| 830 | 0 | |a Colección "Perfiles del poder" ; |v 4. | |
| 793 | 0 | |g Digitalia eBook Collection: |a Biblioteca Nueva | |
| 856 | 4 | 0 | |3 Digitalia Hispánica |u https://digitalia.unach.elogim.com/a/3950/ |
| 910 | |a Premium Collection: 2007-2012 | ||